Ani kvapka alkoholu?

Podrobná bibliografia
Hlavný autor: Malík, František (Autor)
Médium: Článok
Jazyk:slovenčina
Predmet:

MARC

LEADER 00000nab a2200000Ia 4500
001 vtls010822559
003 SK-MaSNL
005 20260304010809.0
008 230121|1976 xo |||||||||||||||||slo|
035 |a (urnnbn)urn:nbn:sk:snk:ar-a061py 
035 |a urn:nbn:sk:snk-ab5pij 
035 |a (uuid)7ca41849-e2c5-4f2d-a323-8fc4fe25505c 
040 |a SNKBUCL  |b slo  |c SNKBUCL  |e AACR2 
041 0 |a slo 
044 |a xo  |c SK 
080 |a 62-631.4  |2 2001 
080 |a 613.81  |2 2001 
080 |a 663.2/.5  |2 2001 
100 1 |a Malík, František  |4 aut  |9 561844 
245 1 0 |a Ani kvapka alkoholu?  |c František Malík 
650 0 7 |a alkohol  |2 SNKPH  |9 15497 
650 0 7 |a alkoholizmus  |2 SNKPH  |9 14184 
650 0 7 |a alkoholické nápoje  |2 SNKPH  |9 31284 
773 0 |t Výživa a zdravie : časopis pre výživu a zdravý životný štýl  |g Roč. 21, č. 10 (1976), s. 227-234 
954 |a odborná, vedecká literatúra pôvodná (slovenská)  |2 lita 
958 |a OND 
958 |a EUIPO 
958 |a article5 
999 |c 2563002  |d 2564932